|
|
|
|
| LEADER |
00000cam a2200000 7i4500 |
| 001 |
0000040016 |
| 005 |
20160330.0 |
| 008 |
140306 |
| 020 |
|
|
|a 9674440466
|
| 090 |
0 |
0 |
|a NOO
|b MAL
|
| 100 |
0 |
|
|a Noor Azaniah Noor Azmi
|
| 245 |
1 |
0 |
|a Setanggi kasih dan cerita lain
|c Noor Azaniah Noor Azmi
|
| 260 |
|
|
|a KL :
|b Synergy Media Sdn. Bhd ,
|c [s.n]
|
| 440 |
|
|
|a Novel Sekolah Menengah; 2
|
| 500 |
|
|
|a Teenager ages 13-18 years old (blue)
|
| 650 |
|
0 |
|a Malay fiction
|
| 999 |
|
|
|a 0001274677
|b Book
|c Teenagers
|e Cawangan AEON Kulaijaya
|
| 999 |
|
|
|a 0001274678
|b Book
|c Teenagers
|e Cawangan Tmn. Ungku Tun Aminah
|
| 999 |
|
|
|a 0001274683
|b Book
|c Teenagers
|e Cawangan Bukit Gambir
|
| 999 |
|
|
|a 0001274684
|b Book
|c Teenagers
|e Cawangan Mersing
|
| 999 |
|
|
|a 0001279301
|b Book
|c Teenagers
|e Perbadanan Perpustakaan Awam Johor
|
| 999 |
|
|
|a 0001279302
|b Book
|c Teenagers
|e Perbadanan Perpustakaan Awam Johor
|
| 999 |
|
|
|a 0001279303
|b Book
|c Teenagers
|e Cawangan Urban Transformation Centre
|
| 999 |
|
|
|a 0001279304
|b Book
|c Teenagers
|e Perbadanan Perpustakaan Awam Johor
|